000 005510000a22002170004500
003 LK-CoMWRAF
005 20231120141302.0
008 230817t1998 ||||| |||| 00| 0 eng d
020 _a1568581513
040 _aLK-CoMWRAF
_dLK-CoMWRAF
_eLK-CoMWRAF
041 _aeng
082 _a305.42
_bCHE
100 _aChesler, Phyllis
245 _aLetters to a young feminist
260 _aNew York:
_bFour Walls Eight Windows,
_c1998
300 _a165 p. ; 19 cm.
650 _aFEMINISM
650 _aWomen's rights
650 _aSex role
942 _cBK
999 _c453
_d453